[Event "Oberliga Nord O 1819"]
[Site "Germany"]
[Date "2019.02.03"]
[Round "6.7"]
[White "Gorodetski, Grigori"]
[Black "Dyballa, Markus"]
[Result "1/2-1/2"]
[WhiteElo "1908"]
[BlackElo "2225"]
[PlyCount "73"]
[EventDate "2018.10.21"]
[EventType "team-tourn"]
[EventRounds "9"]
[EventCountry "GER"]
[SourceTitle "EXT 2020"]
[Source "ChessBase"]
[SourceDate "2019.10.17"]
[SourceVersion "1"]
[SourceVersionDate "2019.10.17"]
[SourceQuality "1"]
[WhiteTeam "Berlin Makkabi"]
[BlackTeam "Kreuzberg"]
[WhiteTeamCountry "GER"]
[BlackTeamCountry "GER"]

1. d4 c5 2. e3 Nf6 3. Bd3 g6 4. Nf3 Bg7 5. 0-0 Nc6 6. c3 Qb6 7. Nbd2 d5 8. h3 0-0 9. Re1 Bf5 10. Bxf5 gxf5 11. Qb3 e6 12. Qxb6 axb6 13. b3 Rfc8 14. Bb2 Ne4 15. Red1 b5 16. Ne1 b4 17. Nxe4 fxe4 18. cxb4 cxd4 19. b5 Nb4 20. a3 Nc2 21. Nxc2 Rxc2 22. Bxd4 Bxd4 23. Rxd4 Rb2 24. a4 Rxb3 25. Rc1 Ra3 26. Rc7 b6 27. Rc6 R8xa4 28. Rxa4 Rxa4 29. Rxb6 Ra2 30. Rb7 h5 31. h4 Kg7 32. b6 Rb2 33. Rb8 f6 34. b7 e5 35. Rd8 Rxb7 36. Rxd5 Rb2 37. Rd8 1/2-1/2

[Event "Oberliga Nord O 1819"]
[Site "Germany"]
[Date "2018.10.21"]
[Round "1.7"]
[White "Gorodetski, Grigori"]
[Black "Weber, Daniel1111"]
[Result "0-1"]
[WhiteElo "1908"]
[BlackElo "2085"]
[PlyCount "112"]
[EventDate "2018.10.21"]
[EventType "team-tourn"]
[EventRounds "9"]
[EventCountry "GER"]
[SourceTitle "EXT 2020"]
[Source "ChessBase"]
[SourceDate "2019.10.17"]
[SourceVersion "1"]
[SourceVersionDate "2019.10.17"]
[SourceQuality "1"]
[WhiteTeam "Berlin Makkabi"]
[BlackTeam "Berlin SF III"]
[WhiteTeamCountry "GER"]
[BlackTeamCountry "GER"]

1. d4 Nf6 2. Bg5 g6 3. Nc3 Bg7 4. Qd2 d6 5. Bh6 0-0 6. Bxg7 Kxg7 7. 0-0-0 c6 8. e4 b5 9. f3 b4 10. Nce2 Qa5 11. Kb1 e5 12. Nc1 Be6 13. g4 c5 14. g5 Nh5 15. d5 Bd7 16. Bc4 Bb5 17. Bxb5 Qxb5 18. Nge2 c4 19. Qe3 Nd7 20. f4 Qc5 21. Qh3 Qb5 22. fxe5 dxe5 23. Rhf1 c3 24. Nd3 cxb2 25. Ng3 Rac8 26. Nxh5+ gxh5 27. Qxh5 Qc4 28. Qe2 Nc5 29. Nf4 Nxe4 30. Qxc4 Rxc4 31. Ne2 Nc3+ 32. Nxc3 bxc3 33. Rd3 e4 34. Re3 Rd8 35. Rd1 a5 36. a3 Rd6 37. h4 Kg6 38. Rg3 Rd7 39. h5+ Kf5 40. Rf1+ Ke5 41. g6 fxg6 42. Rg5+ Kd4 43. hxg6 hxg6 44. d6 Rc5 45. Rd1+ Kc4 46. Rg4 Re5 47. Rxg6 e3 48. Rg4+ Kc5 49. Ra4 e2 50. Re1 Kxd6 51. Rh4 Kc5 52. Rh2 a4 53. Ka2 Rd2 54. Kb1 Red5 55. Rhh1 Rd1+ 56. Ka2 b1Q# 0-1